Historical flags of Europe - Statistics

General Stats
  • This quiz has been taken 937 times
  • The average score is 24 of 44
Answer Stats
Picture Hint Answer % Correct
1931-1939 Spain
94%
1707-1800 United Kingdom
83%
1914-1920 Albania
79%
1992-1995 North Macedonia
71%
12th and 13th century France
70%
1882–1918 Serbia
70%
1542-1800 Ireland
69%
1947-1948 Bulgaria
68%
1863-1924, 1935-1973 Greece
67%
1939-1945 Slovakia
67%
1897-1905 Sweden
66%
1804-1967 Austria
65%
16th century Netherlands
65%
1972-1993 Luxembourg
63%
1397-1523 Norway
63%
1587-1668 Poland
62%
1750-1801 Germany
61%
1953-1990 Latvia
61%
1517-1793 Turkey
61%
1490-1516 Hungary
59%
1830 Belgium
57%
1848-1852, 1860-1868 Croatia
57%
1858–1896 Russia
57%
1953-1990 Estonia
56%
15th century Lithuania
56%
1949-1991 Ukraine
55%
1945-1991 Slovenia
49%
1918, 1991-1995 Belarus
48%
1862–1866 Romania
48%
1946-1992 Bosnia and Herzegovina
45%
1952-1990 Moldova
45%
1994-2004 Montenegro
44%
1875-1898 Malta
43%
1802-1805 Italy
42%
1934 Andorra
41%
1999-2008 Kosovo
38%
754-1803 Vatican City
38%
1918 Finland
37%
930-1262 Iceland
31%
1465-1797 San Marino
29%
1922-1960 Cyprus
27%
1918-1920 Czechia
27%
1095–1143 Portugal
20%
1719-1852 Liechtenstein
11%
No matching quizzes found
Score Distribution
Percent of People with Each Score
Percentile by Number Answered
Your Score History
You have not taken this quiz